[Event "Heusenstamm Sparkassen op-B 6th"]
[Site "Heusenstamm"]
[Date "2019.11.24"]
[Round "6"]
[White "Fischer, Lutz"]
[Black "Denz, Markus"]
[Result "1-0"]
[WhiteElo "1679"]
[BlackElo "1400"]
[PlyCount "57"]
[EventDate "2019.11.21"]
[EventType "swiss"]
[EventRounds "7"]
[EventCountry "GER"]
[SourceTitle "CBM 194 Extra"]
[Source "ChessBase"]
[SourceDate "2020.03.31"]
[SourceVersion "1"]
[SourceVersionDate "2020.03.31"]
[SourceQuality "1"]

1. e4 e5 2. Nf3 Nc6 3. Bb5 a6 4. Ba4 Nf6 5. d3 d6 6. c3 g6 7. 0-0 Bg7 8. h3 b5 9. Bb3 0-0 10. a4 Bb7 11. axb5 axb5 12. Rxa8 Qxa8 13. Bg5 Na5 14. Bc2 c5 15. Qd2 Rc8 16. Nh4 c4 17. f3 Ne8 18. d4 d5 19. exd5 exd4 20. cxd4 Bxd5 21. Nc3 Nd6 22. Qf4 Qc6 23. Bf6 Re8 24. Bxg7 Kxg7 25. Qg5 f5 26. Bxf5 Nxf5 27. Nxf5+ Kf8 28. Qh6+ Kg8 29. Qg7# 1-0